000 00505nam a22001937a 4500
003 MPLRDC
005 20220104143440.0
008 210129b ||||| |||| 00| 0 eng d
020 _a957-669-282-2
082 _a544.5 LR v.9
100 _a黄建福总编辑
245 _a性不性由你. II: 和女人谈性
_c
250 _a初版
260 _a
_b万象图书股份有限公司
_c1992
300 _b
490 _a女人女人系列. 9
650 _a妇女; 女性
942 _cBK
_o544.5 LR v.9
999 _c40009
_d39999